| 000 -LEADER | |
|---|---|
| fixed length control field | 00396nam a22001577a 4500 |
| 005 - DATE AND TIME OF LATEST TRANSACTION | |
| control field | 20260128124641.0 |
| 008 - FIXED-LENGTH DATA ELEMENTS--GENERAL INFORMATION | |
| fixed length control field | 260128b |||||||| |||| 00| 0 eng d |
| 020 ## - INTERNATIONAL STANDARD BOOK NUMBER | |
| ISBN | 9789380673448 |
| 041 ## - LANGUAGE CODE | |
| Language code of text/sound track or separate title | eng |
| 100 ## - MAIN ENTRY--AUTHOR NAME | |
| Personal name | DAS.B.C AND MUKHERJEE B.N |
| 245 ## - TITLE STATEMENT | |
| Title | DIFFERENTIAL CALCULUS |
| 250 ## - EDITION STATEMENT | |
| Edition statement | 52th ed. |
| 260 ## - PUBLICATION, DISTRIBUTION, ETC. (IMPRINT) | |
| Place of publication | KOLKATA |
| Name of publisher | U.N.DHUR &SONS PRIVATE LTD. |
| Year of publication | 2012 |
| 300 ## - PHYSICAL DESCRIPTION | |
| Number of Pages | 602.P |
| 942 ## - ADDED ENTRY ELEMENTS (KOHA) | |
| Koha item type | Books |
| Lost status | Damaged status | Home library | Current library | Shelving location | Date acquired | Source of acquisition | Cost, normal purchase price | Accession Number | Koha item type |
|---|---|---|---|---|---|---|---|---|---|
| JRU Library | JRU Library | SHELF-57-H | 28/01/2026 | DONATED | 210.00 | 0094/D | Books |